Movies Quiz

Random Movies or Disney Quiz
Score 0/35 Timer 08:00
8 Plays Today
Row 'Toy Story' toy % Correct
1Ken
96.1%
3Buzz Lightyear
93%
4Sheriff Woody Pride
92%
2Mr. Potato Head
91.8%
3Barbie
91.6%
2Rex the Dinosaur
84.6%
5Mrs. Potato Head
80.7%
2Jessie
76.4%
4Bo Peep
76%
5Slinky Dog
75.5%
1Bullseye
68.3%
1Hamm the Piggy Bank
60.2%
2Squeeze Toy Aliens
60.1%
4Stinky Pete
56.9%
4Evil Emperor Zurg
51.9%
1Army Sarge
50.4%
4Lots-O'-Huggin'-Bear
48.8%
3Peas-in-a-Pod
44.3%
Row 'Toy Story' toy % Correct
1Big Baby
40.9%
1The Bookworm
39.7%
5Wheezy the Penguin
38%
3RC
37.9%
5Dolly
21.2%
1Chuckles
20.3%
5Trixie
19.6%
5Stretch
18.7%
4Mr. Pricklepants
16.4%
2Buttercup
14.1%
2Lenny the Binoculars
12.1%
3Rocky Gibraltar
8.8%
5Baby Face
8.7%
2Chunk
8.1%
3Chatter Telephone
7.1%
3Twitch
6%
4Sparks
4.9%
Remove Ads.
Support Sporcle.
Get the best of Sporcle when you Go Orange. This ad-free experience offers more features, more stats, and more fun while also helping to support Sporcle. Thank you for becoming a member.

You're not logged in!

Compare scores with friends on all Sporcle quizzes.
OR
Log In

Show Comments

Extras

Top Quizzes Today


Score Distribution

Your Account Isn't Verified!

In order to create a playlist on Sporcle, you need to verify the email address you used during registration. Go to your Sporcle Settings to finish the process.

Report this User

Report this user for behavior that violates our Community Guidelines.

Details: